Statistiques concernant Devine l animé

Cliquez ici pour prendre le quiz!

Statistiques générales

  • Ce quiz a été pris 240 fois
  • Le résultat moyen est 15 sur 26

Statistiques - réponses

HintRéponse% Correct
mange un fruit et tu peux plus nagerone piece
94%
Des humains qui se piquent pour devenir des geantl Attaque des titans
92%
Son pere a scelle un demon dans son ventre en echange de sa vieNaruto
92%
Michael Jackson se transforme en demonDemon slayer
87%
la cuisine qui te deshabilleFood wars
87%
"Faisons l appel une derniere fois" by the poulpe le plus charismatiqueAssassination Classroom
82%
Pierre feuille ciseauxHxh
82%
Mange des cheveux pour devenir le Numero 1Mha
81%
L anime ou le pouvoir de l amitié est la seule magie pour gagnerFairy tail
79%
Le paysan avec un 5 trefle qui veut devenir empereur mageBlack clover
78%
Sera executé pour avoir les doigt du roi des fleausJujutsu kaisen
76%
Bloques dans un jeu video avec sa futur femmeSao
75%
Une taverne qui sert aussi comme moyen de transport7ds
68%
le seul shonen ou le mc a un papa mais l anime se traduit par eau de javelBleach
66%
Un mec invisible qui fait du basketkuroko no basket
63%
Apres un médicament il devient tout petit et résout des crimesdétective conan
62%
Un petit roux qui saute très hauthaikyuu
57%
Anime ou speedwagon n est pas assez mis en avantJojo
41%
la salle blanche le lui enlève toutes émotions et est devenu un mec trop intelligent qui utilise les autres pour ses finsClassroom of the elite
33%
Plus t es egoiste plus tu deviens fortBlue lock
32%
7 mage qui invoquent un servant pour le saint grallFate
25%
L amour est symbole de guerreKaguya sama love is war
22%
Un jeu pour rembouser la dette de un college avec un mc mastermindTomodachi game
18%
le fils de satan et son frereAo no exorcist
15%
marié au premier episodeTonikaku kawaii
11%
Son compagnon est un démon qui veut toujours l embrasser pour avoir du manaVermeil in gold
5%

Distribution des résultats

Percentile par nombre de réponses

% des personnes avec chaque résultat

Votre développement - résultats

Vous n’avez pas pris ce quiz